000 00569nam a22002057a 4500
005 20240220132809.0
008 240220b ||||| |||| 00| 0 eng d
020 _a9789358496192
040 _aIN-DiNC
_cIN-DiNC
041 _dasm
082 _a320.954
_bLAH
100 _aLahon, Thaneswar
_eauthor
245 _aBharatiya sarkar aru rajniti/
_cby Thaneswar Lahon and Deepan Das
250 _a1st ed.
260 _aDibrugarh:
_bBanalata,
_c2024.
300 _a360p.
650 _aIndian government and politics
700 _aDas, Deepan
_eauthor
942 _2ddc
_cBK
999 _c11742
_d11742